000 00547nam a2200193Ia 4500
005 20260120124600.0
008 008 260114s9999 xx 000 0 eng d
020 _a9780857243478
037 _aEBOOK
040 _aCRL
_beng
_cCRL
041 _aeng
_2eng
084 _qCRL
245 0 _aSuburbanization in Global Society
260 _bEmerald Publishing
_c2010
700 _aMark Clapson
_9908030
856 _uhttps://www.emerald.com/insight/publication/doi/10.1108/S1047-0042(2010)10
942 _cEBOOK
999 _c1499919
_d1499919